000 00800nam a22002292 4500
001 0000003072
005 20151217151914.0
008 070426s xx 000 0 eng d
020 _a1557387680 :
040 _aKABU
_cKABU
050 0 _aHG6024.5
_b.H38 1996
100 1 _aHanweck, Gerald A.
_@0000152694
245 1 0 _aInterest rate volatility :
_bunderstanding analyzing and managing interest rate risk and risk-based capital /
_cGerald A. Hanweck, Bernard Shull.
260 _aChicago :
_bIrwin,
_c1996.
300 _axiii, 175 p.
650 0 _aInterest rate risk.
_@0000152695
700 1 _aShull, Bernard,
_d1931-.
_@0000152696
908 _a070426
950 _@1
999 _c6212
_d6212